<?xml version="1.0" encoding="UTF-8"?>
<record
    xmlns:xsi="http://www.w3.org/2001/XMLSchema-instance"
    xsi:schemaLocation="http://www.loc.gov/MARC21/slim http://www.loc.gov/standards/marcxml/schema/MARC21slim.xsd"
    xmlns="http://www.loc.gov/MARC21/slim">

  <leader>01785nam a2200361 a 4500</leader>
  <controlfield tag="003">EG-GiCUC</controlfield>
  <controlfield tag="005">20250223025603.0</controlfield>
  <controlfield tag="008">090422s2008    ua dh  f m    000 0 eng d</controlfield>
  <datafield tag="040" ind1=" " ind2=" ">
    <subfield code="a">EG-GiCUC</subfield>
    <subfield code="b">eng</subfield>
    <subfield code="c">EG-GiCUC</subfield>
  </datafield>
  <datafield tag="041" ind1="0" ind2=" ">
    <subfield code="a">eng. </subfield>
  </datafield>
  <datafield tag="049" ind1=" " ind2=" ">
    <subfield code="a">Deposite </subfield>
  </datafield>
  <datafield tag="097" ind1=" " ind2=" ">
    <subfield code="a">M.Sc.</subfield>
  </datafield>
  <datafield tag="099" ind1=" " ind2=" ">
    <subfield code="a">Cai01.12.05.M.Sc.2008.Am.B</subfield>
  </datafield>
  <datafield tag="100" ind1="0" ind2=" ">
    <subfield code="a">Amany Ahmed Hassabo Anise </subfield>
  </datafield>
  <datafield tag="245" ind1="1" ind2="0">
    <subfield code="a">B-1,3 and B-1,4 glucanases from stereptomyces species as a potential biocontrol agent against some plant pathogenic fungi / </subfield>
    <subfield code="c">Amany Ahmed Hassabo Anise ; Supervised Zeinat Kameil Mohamed , Mohsen Helmy Selim , Nagwa Mohamed Morsy</subfield>
  </datafield>
  <datafield tag="246" ind1="1" ind2="5">
    <subfield code="a">&#x627;&#x646;&#x632;&#x64A;&#x645;&#x627;&#x62A; &#x628;&#x64A;&#x62A;&#x627; 1-3:1-4 &#x62C;&#x644;&#x648;&#x643;&#x627;&#x646;&#x64A;&#x632;&#x633; &#x645;&#x646; &#x628;&#x639;&#x636; &#x639;&#x632;&#x644;&#x627;&#x62A; &#x627;&#x644;&#x627;&#x633;&#x62A;&#x631;&#x628;&#x62A;&#x648;&#x645;&#x64A;&#x633;&#x633; &#x643;&#x648;&#x633;&#x64A;&#x644;&#x629; &#x644;&#x644;&#x645;&#x642;&#x627;&#x648;&#x645;&#x629; &#x627;&#x644;&#x628;&#x64A;&#x648;&#x644;&#x648;&#x62C;&#x64A;&#x629; &#x644;&#x628;&#x639;&#x636; &#x627;&#x644;&#x641;&#x637;&#x631;&#x64A;&#x627;&#x62A; &#x627;&#x644;&#x645;&#x645;&#x631;&#x636;&#x629; &#x644;&#x644;&#x646;&#x628;&#x627;&#x62A; </subfield>
  </datafield>
  <datafield tag="260" ind1=" " ind2=" ">
    <subfield code="a">Cairo : </subfield>
    <subfield code="b">Amany Ahmed Hassabo Anise , </subfield>
    <subfield code="c">2008</subfield>
  </datafield>
  <datafield tag="300" ind1=" " ind2=" ">
    <subfield code="a">144Leaves : </subfield>
    <subfield code="b">charts , facsimiles ; </subfield>
    <subfield code="c">30cm</subfield>
  </datafield>
  <datafield tag="502" ind1=" " ind2=" ">
    <subfield code="a">Thesis (M.Sc.) - Cairo University - Faculty of Science - Department of Botany-Microbiology</subfield>
  </datafield>
  <datafield tag="520" ind1=" " ind2=" ">
    <subfield code="a">The present study aimed to screen the antagonistic streptomyces species for their abilities to produce fungal cell well lytic enzymes namely B1,3 and B1,4 glucanases and use the most promising strain as a potential biocontrol agent against some plant pathogenic fungi</subfield>
  </datafield>
  <datafield tag="530" ind1=" " ind2=" ">
    <subfield code="a">Issued also as CD </subfield>
  </datafield>
  <datafield tag="653" ind1=" " ind2="4">
    <subfield code="a">B-1,3 and B-1,4 glucanases </subfield>
  </datafield>
  <datafield tag="653" ind1=" " ind2="4">
    <subfield code="a">Biological control</subfield>
  </datafield>
  <datafield tag="653" ind1=" " ind2="4">
    <subfield code="a">Streptomycetes</subfield>
  </datafield>
  <datafield tag="700" ind1="0" ind2=" ">
    <subfield code="a">Mohsen Helmy Selim , </subfield>
    <subfield code="e">Supervisor</subfield>
  </datafield>
  <datafield tag="700" ind1="0" ind2=" ">
    <subfield code="a">Nagwa Mohamed Morsy , </subfield>
    <subfield code="e">Supervisor</subfield>
  </datafield>
  <datafield tag="700" ind1="0" ind2=" ">
    <subfield code="a">Zeinat Kameil Mohamed , </subfield>
    <subfield code="e">Supervisor</subfield>
  </datafield>
  <datafield tag="856" ind1=" " ind2=" ">
    <subfield code="u">http://172.23.153.220/th.pdf</subfield>
  </datafield>
  <datafield tag="902" ind1=" " ind2=" ">
    <subfield code="a">1</subfield>
  </datafield>
  <datafield tag="905" ind1=" " ind2=" ">
    <subfield code="a">Nazla</subfield>
    <subfield code="e">Revisor</subfield>
  </datafield>
  <datafield tag="905" ind1=" " ind2=" ">
    <subfield code="a">Soheir</subfield>
    <subfield code="e">Cataloger</subfield>
  </datafield>
  <datafield tag="942" ind1=" " ind2=" ">
    <subfield code="2">ddc</subfield>
    <subfield code="c">TH</subfield>
  </datafield>
  <datafield tag="999" ind1=" " ind2=" ">
    <subfield code="c">16175</subfield>
    <subfield code="d">16175</subfield>
  </datafield>
  <datafield tag="952" ind1=" " ind2=" ">
    <subfield code="2">ddc</subfield>
    <subfield code="7">0</subfield>
    <subfield code="a">CUCL</subfield>
    <subfield code="b">cl210</subfield>
    <subfield code="d">2024-02-11</subfield>
    <subfield code="o">Cai01.12.05.M.Sc.2008.Am.B</subfield>
    <subfield code="p">01010110050913000</subfield>
    <subfield code="r">2023-09-22 00:00:00</subfield>
    <subfield code="y">TH</subfield>
  </datafield>
  <datafield tag="952" ind1=" " ind2=" ">
    <subfield code="2">ddc</subfield>
    <subfield code="7">0</subfield>
    <subfield code="a">CUCL</subfield>
    <subfield code="b">cl2u8</subfield>
    <subfield code="d">2024-02-11</subfield>
    <subfield code="o">Cai01.12.05.M.Sc.2008.Am.B</subfield>
    <subfield code="p">01020110050913000</subfield>
    <subfield code="r">2023-09-22 00:00:00</subfield>
    <subfield code="t">50913.CD</subfield>
    <subfield code="y">CD</subfield>
  </datafield>
</record>
